|
|
|
|
| LEADER |
00000nam a2200000 a 4500 |
| 001 |
vtls001394007 |
| 003 |
SK-MaSNL |
| 005 |
20260224023408.0 |
| 008 |
000804s1958 xx 0 und |
| 035 |
|
|
|a SNK000348324
|
| 040 |
|
|
|a SNK
|b slo
|c SNK
|e AACR2
|
| 245 |
1 |
|
|a ČSN 38 3350 Zásobování teplem
|
| 260 |
|
|
|a Praha
|b Státní úřad pro vynálezy a normalisaci
|c 1958
|
| 300 |
|
|
|a 24 s.
|
| 999 |
|
|
|c 810421
|d 812351
|
| 952 |
|
|
|t P60, <04>, [BOOK], {604}
|a SNK
|b SNK
|y VYP
|7 0
|p 17A0248940
|o snkČSN 38 3350
|0 0
|1 0
|4 0
|d 2000-08-04
|l 0
|r 2005-01-02 00:00:00
|w 2026-02-24
|
| 952 |
|
|
|t P60, <04>, [BOOK], {604}
|a SNK
|b SNK
|y VYP
|7 0
|p 17A0301068
|o snkČSN 38 3350
|0 0
|1 0
|4 0
|d 2001-05-16
|l 0
|r 2005-01-02 00:00:00
|w 2026-02-24
|